Представление документа в формате RUSMARC

ПолеНазваниеЗначение
  Тип записи a
  Библиографический уровень m
001 Контрольный номер admiBOOK00014127
005 Дата корректировки 20140508173854.1
010 Индекс ISBN __
a ISBN 5-8291-0557-8
d Цена 111.00/145.00
100 Данные общей обработки __
a Данные общей обработки 19020129 |||y0 y0189 ca
101 Язык документа __
a Язык текста rus
105 Кодированные данные (монография) __
a Кодированные данные (монография) zy
200 Заглавие и сведения об ответственности 0_
a Заглавие Паблик рилейшнз (связи с общественностью)
e Сведения, относящиеся к заглавию Учебное пособие для вузов
205 Сведения об издании __
b Дополнительные сведения об издании Гриф УМО
210 Выходные данные __
a Место издания М
c Издательство Академический Проект
d Дата издания 2005
215 Физическое описание __
a Объем 304с.
225 Серия __
a Серия Gaudeamus
606 Тематические рубрики __
a Основная рубрика Управление экономикой
x Основная подрубрика Паблик рилейшнз
x Основная подрубрика Средства массовой информации (СМИ)
610 Ключевые слова __
a Ключевые слова Паблик рилейшнз
a Ключевые слова Пиар
a Ключевые слова Связи с общественностью
a Ключевые слова PR
a Ключевые слова Средства массовой информации
675 Индекс УДК __
a Индекс УДК 339.1
686 Индексы других классификаций __
a Классификационный индекс 65.050
a Классификационный индекс 76.0
700 Автор _1
a Фамилия Шарков
b Имя Ф.И.
852 Данные о местонахождении __
c Местонахождение стеллажа 65.050
c Местонахождение стеллажа 76.0
j Шифр хранения 65.050
852 Данные о местонахождении __
b Сигла хранения ЧЗ_1
t Номер экземпляра 2
i Авторский знак Ш26
p Инвентарный номер 136236
p Инвентарный номер 140633
901 Тип документа __
t Тип документа m
911 __
u 952a=Учебное пособие
u 952p=1633
u 952p=1650
938 Служебная информация __
a Название организации Саранский филиал
b Имя БД OUTPUT.MRC_Саранск
c Название АИБС АИБС Библиотека